| 000 | 00000nam##2200000za#4500 |
| 001 | 9.578052 |
| 003 | CaOODSP |
| 005 | 20210624185914 |
| 007 | cr ||||||||||| |
| 008 | 150406|1983||||xxc|||||o f|0| 0 eng|d |
| 022 | |a1488-5379 |
| 040 | |aCaOODSP|beng |
| 043 | |an-cn--- |
| 086 | 1 |aFs97-6/1175E-PDF |
| 110 | 1 |aCanada. |bDepartment of Fisheries and Oceans. |
| 245 | 10|aDistribution and relative abundance of lobster larvae off southwestern Nova Scotia 1977 – 1978 / |h[electronic resource]|c[by] Aivars B. Stasko and D. James Gordon. |
| 260 | |aSt. Andrews - New Brunswick : |bFisheries and Oceans Canada |c1983. |
| 300 | |a29p.|bfigs., references, tables |
| 490 | 1 |aCanadian technical report of fisheries and aquatic sciences|x1488-5379|vNo. 1175 |
| 500 | |aOn t.p.: Biological Station, St. Andrews, New Brunswick. The catalogue number and ISSN for the print edition appear in the PDF version. |
| 546 | |a(Résumé en français) |
| 590 | |a13-27-Supp|b2013-11-15 |
| 720 | 1 |aStasko, A. B. |
| 720 | 1 |aGordon, D. James |
| 830 | #0|aCanadian technical report of fisheries and aquatic sciences,|x1488-5379|vNo. 1175|w(CaOODSP)9.504449 |
| 856 | 40|ahttp://publications.gc.ca|qPDF|s2018 KB|uhttps://publications.gc.ca/collections/collection_2013/mpo-dfo/Fs97-6-1175-eng.pdf|yNo. 1175 |